MDQL
is popping MORE tags! Check the
thread
!
Quizzes
Events
Quiz Creation
Community
Videos
Private Events
Remove Ads
Sign In
Join for FREE
Feedback
Dark Mode
Quiz Categories
Sports
Geography
Music
Movies
Television
Just For Fun
Miscellaneous
History
Literature
Language
Science
Gaming
Entertainment
Religion
Holiday
For Kids
Quiz Lab
Recent
Popular Today
Quiz Kudos Today
Editor Picks
Curator Picks
Quizzes by...
Day
Popularity
Type
Ratings
Length
Year
Community
Subscriptions
Recent Discussions
Orange Saloon
Badges
Playlists
Quests
Create
Leaderboards
Showdown
Live 5
Trivia Bingo
Activity
Puzzle Library
Sporcle Events
Private Events
Virtual Trivia
Globe League
Become a Host
Pub Owners
SporcleCon
Opinionation
Our Games
Videos
Blog
Mobile Apps
Partnerships
Remove Ads and Go Orange
Feedback
Music
Pop Music
The Beatles
Song
Album
Lyrics
Bands
Singers
Artist
Clip
Rock
Rap
Classical
Billboard
Country Music
Kpop
Taylor Swift
Music
Pop Music
The Beatles
Song
Album
Lyrics
Bands
Singers
Artist
Clip
Rock
Rap
Classical
Billboard
Country Music
Kpop
Taylor Swift
Random Quiz
Search Sporcle
×
Quiz Lab
Quiz Lab
Music
Pop Music
Type in answers that appear in a list
Type in answers that appear in a list
Classic
Best Score? Go Orange.
Pop Group members Stats
Can you name the Pop Group members
By
ocmw
18m
150 Questions
68 Plays
68 Plays
68 Plays
Comments
Comments
Give Quiz Kudos
Give Quiz Kudos
-
- Ratings
hide this ad
More Info
Replay
Link that replays current quiz
Next Quiz
Link to next quiz in quiz playlist
You Got
0%
They Got
Avg Score
48%
Avg Friend Score
Upgrade to see
Score Distribution
Jump to the score distribution portion of the page
Score
0/150
Timer
18:00
0
Plays Today
Hint
Answer
% Correct
Backstreet Boys
Nick Carter
86.6%
Spice Girls
Victoria Beckham
86.6%
Destiny's Child
Beyonce Knowles
85.1%
Spice Girls
Melanie Brown
83.6%
Nsync
Justin Timberlake
83.6%
98 Degrees
Nick Lachey
83.6%
Spice Girls
Emma Bunton
82.1%
Spice Girls
Melanie Chrisholm
80.6%
98 Degrees
Justin Jeffre
80.6%
Spice Girls
Geri Halliwell
79.1%
S Club 7
Jo O'Meara
79.1%
Destiny's Child
Kelly Rowland
76.1%
Westlife
Brian McFadden
76.1%
Backstreet Boys
Brian Litrell
74.6%
The Pussycat Dolls
Nicole Scherzinger
74.6%
East 17
Brain Harvey
74.6%
All Saints
Nicole Appleton
73.1%
Backstreet Boys
Kevin Richardson
71.6%
Destiny's Child
Michelle Williams
70.1%
Liberty X
Michelle Heaton
70.1%
One Direction
Harry Styles
70.1%
Take That
Robbie Williams
70.1%
Backstreet Boys
A.J. McLean
68.7%
TLC
Lisa 'Left Eye' Lopes
68.7%
All Saints
Melanie Blatt
67.2%
Westlife
Mark Feehily
65.7%
One Direction
Liam Payne
65.7%
Take That
Mark Owen
65.7%
Backstreet Boys
Howie Dorough
64.2%
One Direction
Louis Tomlinson
64.2%
Atomic Kitten
Kerry Katona
62.7%
Steps
Lisa Scott-Lee
62.7%
Nsync
Lance Bass
61.2%
Girls Aloud
Cheryl Cole
61.2%
Girls Aloud
Sarah Harding
61.2%
One Direction
Zayn Malik
61.2%
Take That
Jason Orange
61.2%
Atomic Kitten
Liz McClarnon
59.7%
Atomic Kitten
Jenny Frost
59.7%
One Direction
Niall Horan
59.7%
Take That
Gary Barlow
59.7%
S Club 7
Jon Lee
59.7%
East 17
John Hendy
59.7%
Sugababes
Heidi Range
58.2%
The Pussycat Dolls
Ashley Roberts
58.2%
Sugababes
Mutya Buena
56.7%
Take That
Howard Donald
56.7%
O-
Town
Ashley Parker Angel
56.7%
Blue
Lee Ryan
55.2%
Liberty X
Jessica Taylor
55.2%
Hint
Answer
% Correct
Boyzone
Ronan Keating
55.2%
S Club 7
Rachel Stevens
55.2%
Steps
Lee Latchford- Evans
55.2%
The Pussycat Dolls
Jessica Sutta
55.2%
5ive
J Brown
53.7%
Westlife
Shane Filan
53.7%
Blue
Simon Webbe
53.7%
Girls Aloud
Nicola Roberts
53.7%
Girls Aloud
Kimberley Walsh
53.7%
Boyzone
Shane Lynch
53.7%
Boyzone
Michael Graham
53.7%
Boyz II Men
Michael McCary
53.7%
S Club 7
Hannah Spearritt
53.7%
Atomic Kitten
Natasha Hamilton
52.2%
Nsync
Joey Fatone
52.2%
Westlife
Kian Egan
52.2%
New Kids on the Block
Joey McIntyre
52.2%
S Club 7
Paul Cattermole
52.2%
5ive
Ritchie Neville
50.7%
Sugababes
Siobhan Donaghy
50.7%
Girls Aloud
Nadine Coyle
50.7%
New Kids on the Block
Jordan Knight
50.7%
The Wanted
Max George
50.7%
The Wanted
Jay McGuiness
50.7%
S Club 7
Tina Barrett
50.7%
All Saints
Natalie Appleton
50.7%
East 17
Tony Mortimer
50.7%
5ive
Abz Love
49.3%
5ive
Scott Robinson
49.3%
Boyzone
Keith Duffy
49.3%
Boyzone
Stephen Gately
49.3%
New Kids on the Block
Donnie Wahlberg
49.3%
Steps
Ian 'H' Watkins
49.3%
All Saints
Shaznay Lewis
49.3%
5ive
Sean Conlon
47.8%
Steps
Claire Richards
47.8%
Sugababes
Amelle Berrabah
46.3%
Westlife
Nicky Byrne
46.3%
Blue
Duncan James
46.3%
New Kids on the Block
Jonathan Knight
46.3%
S Club 7
Bradley McIntosh
46.3%
B*Witched
Sinead O'Carroll
46.3%
Hanson
Taylor Hanson
46.3%
Blue
Antony Costa
44.8%
B*Witched
Edele Lynch
44.8%
B*Witched
Keavy Lynch
44.8%
Steps
Faye Tozer
44.8%
The Pussycat Dolls
Kimberly Wyatt
44.8%
O-
Town
Dan Miller
44.8%
Sugababes
Keisha Buchanan
43.3%
Hint
Answer
% Correct
Nsync
Chris Kirkpatrick
43.3%
Liberty X
Kelli Young
43.3%
98 Degrees
Drew Lachey
43.3%
En Vogue
Terry Ellis
43.3%
East 17
Terry Coldwell
43.3%
The Wanted
Tom Parker
40.3%
B*Witched
Lindsay Armaou
40.3%
Eternal
Louise Redknapp
40.3%
The Pussycat Dolls
Melody Thornton
40.3%
New Kids on the Block
Danny Wood
38.8%
Boyz II Men
Wanya Morris
37.3%
Eternal
Kelle Bryan
37.3%
Destiny's Child
LeToya Tuckett
35.8%
Liberty X
Kevin Simm
35.8%
Boyz II Men
Shawn Stockman
35.8%
Eternal
Easther Bennett
35.8%
Eternal
Vernie Bennett
34.3%
Liberty X
Tony Lundon
32.8%
Boyz II Men
Nathan Morris
32.8%
The Wanted
Nathan Sykes
32.8%
3 T
TJ Jackson
32.8%
Hanson
Isaac Hanson
32.8%
Sugababes
Jade Ewen
31.3%
Nsync
JC Chasez
31.3%
Destiny's Child
LaTavia Roberson
29.9%
TLC
Tionne 'T-Boz' Watkins
29.9%
The Cheeky Girls
Monica Irimia
28.4%
En Vogue
Rhona Bennett
26.9%
3 T
Taj Jackson
26.9%
En Vogue
Dawn Robinson
25.4%
Hanson
Zac Hanson
25.4%
98 Degrees
Jeff Timmons
22.4%
Destiny's Child
Farrah Franklin
20.9%
TLC
Rozonda 'Chilli' Thomas
20.9%
En Vogue
Maxine Jones
20.9%
En Vogue
Amanda Cole
20.9%
No Mercy
Ariel Hernandez
20.9%
O-
Town
Jacob Underwood
19.4%
O-
Town
Trevor Penick
19.4%
En Vogue
Cindy Herron
16.4%
t.A.T.u.
Julia Volkova
10.4%
The Pussycat Dolls
Carmit Bachar
9%
The Cheeky Girls
Gabriela Irimia
9%
O-
Town
Erik-Michael Estrada
7.5%
t.A.T.u.
Lena Katina
6%
No Mercy
Gabriel Hernandez
6%
The Wanted
Siva Kaneswaran
4.5%
No Mercy
Marty Cintron
4.5%
3 T
Taryll Jackson
4.5%
O-
Town
Ikaika Kahoano
1.5%
Quiz Playlist
Details
Report
Send in Message
Add To Playlist
More Info:
Name the members and former members of these popgroups who scored hits in Europe in the 90s, 00s or 10s.
Classic:
Type in answers that appear in a list
Last Updated: Feb 16, 2017
Quiz Scoreboard
CHALLENGE
Sign Up to Join the Scoreboard
Show All
Scores
Hide
Comments
May contain spoilers
Recently Published
5x2 Blitz: Bands
by SL_Kpop136
Music
30s
Colored Red Africa Blitz
by spor1
Geography
30s
Find the 'City' Movie
by crazypaving
Movies
60s
More to Explore
Quiz From the Vault
Featured Blog Post
14 Easter Pick-up Lines to Find Eggs With
hide this ad
You Might Also Like...
Tags
Pop Music Quiz
group
Today's Top Quizzes in Music
Browse Music
hide this ad
Today's Top Quizzes in Pop Music
Browse Pop Music
Top Contributed Quizzes in Music
1
5X2 Blitz: Bands II
2
Taylor Swift All Songs (2024)
3
5X2 Blitz: The Beatles
4
5X2 Blitz: Billboard
5
Taylor Swift Logic Puzzle
6
Taylor Swift Logic Puzzle II
7
5X2 Blitz: Album
8
5X2 Blitz: Billboard II
9
Music Artist by Three 2010s hits
10
5X2 Blitz: Rock
Explore More
Trending Topics
NBA
Anime
Kpop
Crossword
Marvel
Disney
Harry Potter
Puzzle
Pokémon
Soccer
WWE
NFL
Country
The Office
Song
hide this ad
More By:
ocmw
Quiz
Plays
Rating
Category
Featured
Created
European Cup Quarter Finalist 1956-1985
4,993
4.43
Sports
Jan 15, 2015
PDC World Darts Championship Quarter Finalists
3,594
4.17
Sports
Dec 22, 2014
European Cup/ CL Quarter Finalists 1986-recent
1,075
4.80
Sports
Jan 19, 2015
Fc Barcelona since 1990
963
4.57
Sports
Apr 18, 2014
BDO World Darts Championship quarter finalists
948
5.00
Sports
Dec 23, 2014
Go to Creator's Profile
Score Distribution
Quiz Creator Spotlight
ocmw
Follow
Send a Message
Quizzes Created
-
Created Quiz Play Count
-
More By This Creator
Popular Quizzes Today
1
Find the 'City' Movie
2
5x2 Blitz: Bands
3
Colored Red Africa Blitz
4
The Countries of the World
5
Find the US States - No Outlines Minefield
6
Find the US States
7
9x9 Crossword: Cartoon Network
8
US States
More Music Quizzes
12 to 1: Hard Rock
Curator's Pick
Trending Quizzes
Colored Red Africa Blitz II
Colored Red Europe Blitz I
Colored Red Africa Blitz III
Colored Red Europe Blitz II
Colored Red Europe Blitz III
Recently Updated
Champions League XIs: Real Madrid
pecheneg
Largest US Cities 1790-2010
pecheneg
Rides in Walt Disney World
pecheneg
Most Oscar Losses (Acting)
pecheneg
Beyoncé Albums
pecheneg
Leaping Animals
pecheneg
Reality TV Shows (A-Z)
bhenderson79
Rickey Henderson's Hall of Fame Teammates
pecheneg
Champions League XIs: Arsenal
pecheneg
Quick Pick: Celebrities in WWE's Hall of Fame
aduchscher
Trending Topics
Harry Potter
Disney
NBA
Kpop
Marvel
Anime
Crossword
Country
Pokémon
NFL
WWE
Soccer
The Office
Song
Puzzle
Your Account Isn't Verified!
In order to create a playlist on Sporcle, you need to verify the email address you used during registration. Go to your
Sporcle Settings
to finish the process.
Report this User
Report this user for behavior that violates our
Community Guidelines
.
Details:
Send Report
Go to the Sporcle.com Mobile Site →
Comments